000 00458nam a2200157 i 4500
001 87391
003 ES-MaACL
005 20230906175648.0
007 t|
008 041221q19701979ag ||||1| spa d
100 1 _aKrutwig Sagredo, Federico.
_968926
245 1 0 _aFernando Sarrailh de Ihartza
_b: Vasconia /
_cFederico Krutwig Sagredo.
260 _aBuenos Aires :
_bNorbait,
_c[197-?]
300 _a51 h. ;
_c24 cm.
852 _aES-MaACL
_jC-30157
_bR.55889
999 _c87391
_d87391